[Event "17th OIBM 2013"]
[Site "Bad Wiessee GER"]
[Date "2013.10.29"]
[Round "5.11"]
[White "Graf,A"]
[Black "Buchal,S"]
[Result "0-1"]
[WhiteElo "2607"]
[BlackElo "2312"]

1.d4 g6 2.c4 Bg7 3.Nc3 d6 4.Nf3 Nf6 5.e4 O-O 6.Be2 Na6 7.O-O e5 8.Re1 c6
9.Bf1 Bg4 10.d5 c5 11.a3 Ne8 12.Be2 Bd7 13.g3 f5 14.exf5 Bxf5 15.Ng5 Nac7
16.Be3 Nf6 17.f3 Qe7 18.g4 Bd7 19.Rb1 h6 20.Nge4 b6 21.b4 Nce8 22.Bd3 Nxe4
23.Nxe4 Nf6 24.Ng3 e4 25.Bd2 Rae8 26.Nxe4 Nxe4 27.Rxe4 Qf6 28.Kg2 h5 29.Rxe8 Rxe8
30.h3 Qd4 31.Bxg6 Ba4 32.Bxe8 Bxd1 33.Rxd1 Qd3 34.Ba4 Qe2+ 35.Kg3 Bd4 36.gxh5 Bf2+
37.Kg4 Qxc4+ 38.f4 Qxd5 39.Bc1 Bd4 40.Bb5 Qg2+ 41.Kf5 Qc2+  0-1

[Event "Pankrac Cup 2013"]
[Site "Prague CZE"]
[Date "2013.10.29"]
[Round "8"]
[White "Studnicka,Toma"]
[Black "Hausner,I"]
[Result "1-0"]
[WhiteElo "2358"]
[BlackElo "2379"]

1.d4 d6 2.Nf3 Nf6 3.c4 g6 4.Nc3 Bg7 5.e4 O-O 6.Be2 e5 7.Be3 Ng4 8.Bg5 f6
9.Bh4 Nd7 10.d5 Nh6 11.Nd2 Nf7 12.Qc2 a6 13.Bg4 h5 14.Bxd7 Bxd7 15.f3 c5
16.dxc6 bxc6 17.c5 d5 18.exd5 Bf5 19.Nde4 cxd5 20.O-O-O d4 21.g4 Bxe4 22.Nxe4 g5
23.Be1 Qd5 24.Kb1 h4 25.Ba5 Rfc8 26.Rc1 Rc6 27.Qc4 Qd7 28.Rhd1 Rb8 29.Rd3 Rb5
30.b4 Bf8 31.Rb3 Kg7 32.a4 Rb8 33.b5 axb5 34.axb5 Rcc8 35.c6 Qa7 36.Bb4 Bxb4
37.Rxb4 Ra8 38.Kc2 d3+ 39.Kd2 Qe7 40.Ra4 Nd6 41.Nxd6 Qxd6 42.Rca1 Rxa4 43.Rxa4 e4
44.Ra7+ Rc7 45.Rxc7+ Qxc7 46.fxe4 Qxh2+ 47.Kxd3 Qg3+ 48.Kc2 Qh2+ 49.Kb3 Qc7
50.Qe6 h3 51.Qd7+ Qxd7 52.cxd7 h2 53.d8=Q h1=Q 54.Qe7+ Kg6 55.Qe6 Qb1+ 56.Ka4 Qd1+
57.Kb4 Qd4+ 58.Qc4 Qg1 59.Qg8+ Kh6 60.Qf8+ Kg6 61.Qe8+ Kg7 62.Qd7+ Kg6 63.Kc4 Qe3
64.Qf5+ Kg7 65.Kd5 Qa7 66.Qc8 Qa2+ 67.Qc4 Qa7 68.Qc6 Qa2+ 69.Kd6 Qa3+ 70.Ke6 Qg3
71.Qd7+ Kh6 72.Kxf6 Qc3+ 73.e5  1-0

[Event "17th OIBM 2013"]
[Site "Bad Wiessee GER"]
[Date "2013.10.30"]
[Round "6.43"]
[White "Behling,R"]
[Black "Semenova,Ir"]
[Result "1/2-1/2"]
[WhiteElo "2124"]
[BlackElo "2255"]

1.c4 g6 2.e4 Bg7 3.d4 d6 4.Nc3 Nf6 5.Nf3 O-O 6.Be2 e5 7.dxe5 dxe5 8.Qxd8 Rxd8
9.Bg5 Na6 10.Nd5 Rd6 11.Nxf6+ Bxf6 12.Bxf6 Rxf6 13.Nxe5 Re6 14.f4 Nc5 15.O-O-O Nxe4
16.Rd8+ Kg7 17.Bg4 f5 18.Bf3 Nf6 19.Rhd1 Re8 20.Kc2 Kf8 21.Kc3 Rb8 22.Rxe8+ Kxe8
23.b4 a6 24.a3 Ke7  1/2-1/2

[Event "13th Sautron Open 2013"]
[Site "Sautron FRA"]
[Date "2013.10.31"]
[Round "7.9"]
[White "Bailet,P"]
[Black "Noblet,R"]
[Result "1-0"]
[WhiteElo "2474"]
[BlackElo "2057"]

1.Nf3 Nf6 2.c4 g6 3.d4 Bg7 4.Nc3 O-O 5.e4 d6 6.Be2 e5 7.Be3 Nc6 8.d5 Ne7
9.Nd2 Nd7 10.b4 f5 11.f3 f4 12.Bf2 g5 13.c5 Nf6 14.Rc1 Ng6 15.cxd6 cxd6 16.Nb5 Rf7
17.Nc4 Bf8 18.Nxa7 Rxa7 19.Bxa7 g4 20.Nb6 Bd7 21.Nxd7 Rxd7 22.Bf2 h5 23.Qc2 Rg7
24.Qc8 Qe7 25.Qe6+  1-0

[Event "Chinese Zonal w 2013"]
[Site "Zhongshan CHN"]
[Date "2013.10.31"]
[Round "3.15"]
[White "Jiang,Zhaoyi"]
[Black "Hu Yu A."]
[Result "0-1"]
[WhiteElo "1891"]
[BlackElo "1861"]

1.d4 Nf6 2.c4 g6 3.Nc3 Bg7 4.e4 d6 5.Nf3 O-O 6.Be2 e5 7.d5 Nbd7 8.Bg5 h6
9.Bh4 g5 10.Bg3 Nh5 11.h4 g4 12.Nh2 Nxg3 13.fxg3 h5 14.O-O Bh6 15.Kh1 a5
16.a3 Nc5 17.b4 axb4 18.axb4 Rxa1 19.Qxa1 Nb3 20.Qb2 Nd4 21.Bd3 f5 22.exf5 Bxf5
23.Ne4 Bg6 24.Qb1 Nf5 25.Re1 Be3 26.Re2 Nxg3+ 27.Nxg3 Bf4 28.Ngf1 Bxh2 29.Nxh2 g3
30.Nf3 Rxf3 31.gxf3 Qxh4+ 32.Kg1 Qd4+ 33.Kg2 Bxd3 34.Qc1 Qh4  0-1

[Event "2nd Danube Rapid Cup 2013"]
[Site "Kozloduy BUL"]
[Date "2013.11.02"]
[Round "9.4"]
[White "Svane,R"]
[Black "Nevednichy,V"]
[Result "1-0"]
[WhiteElo "2467"]
[BlackElo "2590"]

1.d4 Nf6 2.c4 g6 3.Nc3 Bg7 4.e4 d6 5.Nf3 O-O 6.Be2 e5 7.dxe5 dxe5 8.Qxd8 Rxd8
9.Bg5 Nbd7 10.O-O-O Rf8 11.Nd5 c6 12.Ne7+ Kh8 13.Be3 Re8 14.Nxc8 Raxc8 15.g4 Nf8
16.Nd2 Ne6 17.g5 Nd7 18.Nb3 Rc7 19.Bg4 b6 20.Rd2 Ndf8 21.c5 bxc5 22.Nxc5 Nd4
23.Kb1 f5 24.gxf6 Bxf6 25.Rc1 h5 26.Bd1 Nfe6 27.Nxe6 Rxe6 28.Rc5 Re8 29.Ba4 Rec8
30.Rd3 Kg7 31.Rdc3 g5 32.h3 Kg6 33.Rc1 g4 34.hxg4 h4 35.Bxd4 exd4 36.Bxc6 h3
37.f4 h2 38.Be8+ Rxe8 39.Rxc7 Rxe4 40.g5 Bd8 41.Rd7 Ba5 42.Rd6+ Kf5 43.Rd5+ Kxf4
44.Rxa5 d3 45.Rd5 Ke3 46.Rd1 Ke2 47.Rh1 Rh4  1-0

[Event "3rd Panama Open"]
[Site "Panama City PAN"]
[Date "2013.11.02"]
[Round "3.23"]
[White "Pilarte,R"]
[Black "Arribas Robaina,M"]
[Result "0-1"]
[WhiteElo "2132"]
[BlackElo "2313"]

1.Nf3 Nf6 2.d4 g6 3.c4 Bg7 4.Nc3 O-O 5.e4 d6 6.Be2 Nbd7 7.O-O e5 8.d5 Nc5
9.Qc2 a5 10.Ne1 b6 11.Bg5 h6 12.Bh4 g5 13.Bg3 Nfxe4 14.Nxe4 Nxe4 15.Qxe4 f5
16.Qc2 f4 17.Bd3 fxg3 18.hxg3 g4 19.Be4 Bd7 20.Nd3 Qg5 21.Rae1 h5 22.Nc1 Bh6
23.Re3 Rf7 24.Ne2 Raf8 25.Nc3 Kg7 26.Qe2 Rh8 27.a3 Qf6 28.b4 axb4 29.axb4 Bg5
30.Nb5 Be8 31.Ra3 Qh6 32.Ra8 h4 33.Rxe8 Rxe8 34.gxh4 Bxh4 35.Bd3 Rh8 36.f4 gxf3  0-1

[Event "TCh-FIN SM 2013-14"]
[Site "Salo FIN"]
[Date "2013.11.02"]
[Round "5.5"]
[White "Salo,H"]
[Black "Pihlajasalo,H"]
[Result "1/2-1/2"]
[WhiteElo "2265"]
[BlackElo "2238"]

1.d4 Nf6 2.c4 g6 3.Nc3 Bg7 4.e4 O-O 5.Nf3 d6 6.Be2 e5 7.Be3 Ng4 8.Bg5 f6
9.Bh4 Nc6 10.d5 Ne7 11.Nd2 f5 12.exf5 gxf5 13.h3 Nf6 14.g4 Ng6 15.Bg5 h6
16.gxf5 Bxf5 17.Be3 Nf4 18.Bxf4 exf4 19.Nf3 Ne4 20.Nxe4 Bxe4 21.Rg1 Qf6 22.Qd4 Bxf3  1/2-1/2

[Event "Portuguese Supercup 2013"]
[Site "Vila Nova de Gaia POR"]
[Date "2013.11.02"]
[Round "1.4"]
[White "Martins,P"]
[Black "Paramos Dominguez,R"]
[Result "0-1"]
[WhiteElo "2017"]
[BlackElo "2397"]

1.d4 Nf6 2.c4 g6 3.Nc3 Bg7 4.e4 d6 5.Nf3 O-O 6.Be2 e5 7.Be3 Ng4 8.Bg5 f6
9.Bh4 Nc6 10.d5 Ne7 11.Nd2 Nh6 12.f3 g5 13.Bf2 f5 14.O-O Ng6 15.g3 f4 16.g4 Nf7
17.c5 Bf6 18.Rc1 Be7 19.cxd6 Nxd6 20.Nb3 Rf6 21.Qc2 h5 22.h3 hxg4 23.hxg4 Bxg4
24.fxg4 f3 25.Bg3 fxe2 26.Rxf6 Bxf6 27.Qxe2 Qe7 28.Nc5 Rc8 29.Nd3 Re8 30.b3 Nf4
31.Qf3 Qh7 32.Nf2 Rf8 33.Bxf4 exf4 34.Nd3 Re8 35.Nf2 Bxc3 36.Qxc3 Nxe4 37.Qxc7 Qg6
38.Re1 Nxf2 39.Rxe8+ Qxe8 40.Kxf2 Qe3+ 41.Kf1 Qf3+ 42.Ke1 Qxd5 43.Qb8+ Kf7
44.Qxa7 Ke6 45.Qb6+ Ke5 46.Qc7+ Kd4 47.Qb6+ Kd3 48.Qg6+ Ke3 49.Qe8+ Kf3 50.Qe2+ Kg3
51.b4 Qh1+ 52.Kd2 Qg2 53.a4 f3  0-1

[Event "TCh-FIN SM 2013-14"]
[Site "Joensuu FIN"]
[Date "2013.11.03"]
[Round "6.2"]
[White "Lehtinen,H"]
[Black "Sklyarov,D"]
[Result "1/2-1/2"]
[WhiteElo "2419"]
[BlackElo "2424"]

1.c4 Nf6 2.Nc3 g6 3.Nf3 Bg7 4.e4 d6 5.d4 O-O 6.Be2 e5 7.Be3 exd4 8.Nxd4 Re8
9.f3 c6 10.Bf2 d5 11.exd5 cxd5 12.O-O Nc6 13.c5 Nh5 14.Bb5 Bd7 15.Qd2 Be5
16.g3 Rc8 17.Rad1 Nf6 18.a3 a6 19.Ba4 Na5 20.b4 Nc4 21.Qa2 b6 22.Bxd7 Qxd7
23.Nde2 Bxc3 24.Nxc3 Ne3 25.Bxe3 Rxe3 26.Qd2 Rce8 27.Qd4 Qc6 28.Nxd5 Nxd5  1/2-1/2

[Event "Chinese Zonal w 2013"]
[Site "Zhongshan CHN"]
[Date "2013.11.03"]
[Round "6.7"]
[White "Wang Xinyue"]
[Black "Zhu,Jiner"]
[Result "1/2-1/2"]
[WhiteElo "2126"]
[BlackElo "1829"]

1.d4 Nf6 2.c4 g6 3.Nc3 Bg7 4.e4 d6 5.Nf3 O-O 6.Be2 Na6 7.O-O e5 8.Re1 c6
9.Be3 Nc7 10.dxe5 dxe5 11.Bc5 Re8 12.Qxd8 Rxd8 13.Rad1 Rxd1 14.Rxd1 Nd7 15.Bd6 Ne6
16.b4 a5 17.b5 f6 18.c5 Bf8 19.Na4 Nexc5 20.Bc4+ Kg7 21.Bxc5 Bxc5 22.bxc6 bxc6
23.Be6 Bd4 24.Nxd4 exd4 25.Rxd4 Nf8 26.Bxc8 Rxc8 27.f4 Rb8 28.Kf2 Kf7 29.Rc4 Ne6
30.Ke3 Rb1 31.f5 gxf5 32.exf5 Nd8 33.Rc2 Rb5 34.Rc5 h5 35.g3 Kg7 36.Kd4 Rb4+
37.Rc4 Rb1 38.Kd3 Rh1 39.Rc2 Nf7 40.Nc5 Ne5+ 41.Ke4 Kh6 42.Ne6 Re1+ 43.Kf4 Rf1+
44.Ke4 a4 45.Nd4 Re1+ 46.Kf4 Nd3+ 47.Kf3 Re8 48.Rc3 Ne5+ 49.Kf4 Rd8 50.Ke4 Re8
51.Ne6 Rb8 52.a3 Rb3 53.Rc2 Rxa3 54.Nd4 Nf7 55.Rxc6 Ng5+ 56.Kf4 Nh7 57.Ra6 Ra1
58.h3 Rf1+ 59.Ke3 Ra1 60.Kf4 Ra2 61.g4 h4 62.Nf3 Rf2 63.Ke3 Ra2 64.Nxh4 Ra3+
65.Kf4 Rxh3 66.Nf3 Kg7 67.Rxa4 Rh1 68.Ra7+ Kg8 69.Ra8+ Kg7 70.Ra7+ Kg8 71.g5 fxg5+
72.Nxg5 Rh4+ 73.Kg3 Rh5 74.Ra8+ Kg7 75.Ra7+ Kg8 76.Ra8+ Kg7 77.Ne6+ Kf6 78.Kg4 Rxf5
79.Ra6 Rf1 80.Ng5+ Kg7 81.Ra7+ Kg6 82.Nxh7 Rf7  1/2-1/2

[Event "Arab Clubs 2013"]
[Site "Monastir TUN"]
[Date "2013.11.04"]
[Round "1.2"]
[White "Chiya Mder,Hamad"]
[Black "Ahmed,Abdu"]
[Result "1-0"]
[WhiteElo "2031"]
[BlackElo "2254"]

1.d4 Nf6 2.Nf3 g6 3.c4 Bg7 4.Nc3 O-O 5.e4 d6 6.Be2 e5 7.dxe5 dxe5 8.Qxd8 Rxd8
9.Bg5 c6 10.O-O Na6 11.Rad1 Re8 12.Rd6 Nh5 13.Rfd1 Nf4 14.h3 Nc5 15.Bf1 Nce6
16.Bh4 Nd4 17.Nxd4 exd4 18.Ne2 Be5 19.Rd8 Rxd8 20.Bxd8 Bxh3 21.Be7 Nxe2+
22.Bxe2 Be6 23.Bc5 Rd8 24.Bxa7 d3 25.Rxd3 Ra8 26.Bd4 Bxd4 27.Rxd4 Rxa2 28.Rd2 Ra1+
29.Kh2 Rc1 30.b3 Rc3 31.Rd3 Rc2 32.Re3 Kf8 33.Kg3 Ke7 34.Bd1 Rd2 35.Be2 Kd6
36.Kf4  1-0

[Event "Chinese Zonal w 2013"]
[Site "Zhongshan CHN"]
[Date "2013.11.04"]
[Round "7.15"]
[White "Li,Xinyu"]
[Black "Hu Yu A."]
[Result "1/2-1/2"]
[WhiteElo "1699"]
[BlackElo "1861"]

1.d4 Nf6 2.c4 g6 3.Nc3 Bg7 4.e4 d6 5.Nf3 O-O 6.Be2 e5 7.dxe5 dxe5 8.Qxd8 Rxd8
9.Bg5 Re8 10.O-O-O Na6 11.Nxe5 Nc5 12.Bxf6 Bxf6 13.f4 c6 14.Rhe1 Bxe5 15.fxe5 Nd7
16.e6 Rxe6 17.Bg4 Re7 18.Kc2 Kg7 19.Bxd7 Bxd7 20.b3 Rae8 21.Rf1 f5 22.exf5 Bxf5+
23.Kb2 Re5 24.Rd2 b5 25.cxb5 cxb5 26.b4 Rc8 27.Rf3 a5 28.Rd4 axb4 29.Rxb4 Rd8
30.Rf2 Bd3 31.Rd2 Rd7  1/2-1/2

[Event "Krasnoselskaya Autumn IM 2013"]
[Site "St Petersburg RUS"]
[Date "2013.11.05"]
[Round "5.3"]
[White "Zenzera,A"]
[Black "Martynov,P2"]
[Result "1-0"]
[WhiteElo "2409"]
[BlackElo "2332"]

1.c4 Nf6 2.Nc3 g6 3.e4 d6 4.d4 Bg7 5.Nf3 O-O 6.Be2 e5 7.O-O exd4 8.Nxd4 Re8
9.f3 c6 10.Kh1 Nbd7 11.Bg5 Qb6 12.Nb3 a5 13.Rb1 a4 14.Na1 Nc5 15.Qxd6 Nfd7
16.Qd2 Ne5 17.f4 Ng4 18.Bf3 h5 19.h3 Ne6 20.hxg4 Nxg5 21.gxh5 Nxf3 22.gxf3 Ra5
23.e5 Bxe5 24.fxe5 Rexe5 25.Rf2 Rxh5+ 26.Rh2 Rxh2+ 27.Kxh2 Rh5+ 28.Kg2 Bh3+
29.Kg3 Qc7+ 30.f4 Qe7 31.Rg1 Bf5 32.Kf3 Rh3+ 33.Rg3 Qh4 34.Rxh3 Qxh3+ 35.Ke2 Bg4+
36.Kf2 Qh2+ 37.Ke3 Qg1+ 38.Ke4 Bf5+ 39.Ke5 Kg7 40.b4 Qxa1 41.Kd6 a3 42.Kc7 Qb2
43.Qd4+ Kh7 44.c5 Be6 45.Kd8 Qh2 46.Ne4 Qh4+ 47.Ke8 Bf5 48.Kxf7  1-0

[Event "Krasnoselskaya Autumn IM 2013"]
[Site "St Petersburg RUS"]
[Date "2013.11.05"]
[Round "5.1"]
[White "Savchenko,S"]
[Black "Dolzhikova,K"]
[Result "1-0"]
[WhiteElo "2506"]
[BlackElo "2238"]

1.Nf3 Nf6 2.c4 g6 3.Nc3 Bg7 4.e4 d6 5.d4 O-O 6.Be2 e5 7.O-O exd4 8.Nxd4 c6
9.Kh1 Re8 10.f3 Nh5 11.g4 Nf6 12.Be3 h5 13.g5 Nh7 14.Qd2 Nd7 15.Rad1 Qe7
16.Rg1 Ne5 17.Rg3 Nf8 18.f4 Ned7 19.Bxh5 gxh5 20.Nf5 Qe6 21.Nxg7 Kxg7 22.f5 Qxc4
23.Qxd6 Rxe4 24.Qh6+ Kg8 25.f6  1-0

[Event "Arab Clubs 2013"]
[Site "Monastir TUN"]
[Date "2013.11.07"]
[Round "6.4"]
[White "Didar,Mohammed Zhaher Hassan"]
[Black "Mahdia,F"]
[Result "1-0"]
[WhiteElo "2209"]
[BlackElo "2035"]

1.d4 Nf6 2.Nf3 g6 3.c4 Bg7 4.Nc3 O-O 5.e4 d6 6.Be2 Nbd7 7.O-O e5 8.d5 Nc5
9.Qc2 a5 10.Be3 Na6 11.Nd2 Ng4 12.Bxg4 Bxg4 13.a3 f5 14.f3 f4 15.Bf2 Bd7
16.Rfb1 Qe7 17.b4 axb4 18.axb4 Nxb4 19.Qb3 Rxa1 20.Rxa1 Nd3 21.Qxb7 Nxf2
22.Kxf2 Qh4+ 23.Kg1 Qg5 24.Kh1 Rf7 25.c5 dxc5 26.Nc4 c6 27.dxc6 Bh3 28.Qb2 Bc8
29.Nd6  1-0

[Event "Chinese Zonal w 2013"]
[Site "Zhongshan CHN"]
[Date "2013.11.07"]
[Round "10.13"]
[White "Li,Xinyu"]
[Black "Xu Huahua"]
[Result "0-1"]
[WhiteElo "1699"]
[BlackElo "2125"]

1.d4 Nf6 2.c4 g6 3.Nc3 Bg7 4.e4 d6 5.Nf3 O-O 6.Be2 Nbd7 7.O-O e5 8.Be3 Re8
9.d5 Ng4 10.Bc1 a5 11.Bg5 f6 12.Bd2 Nc5 13.Ne1 Nh6 14.Nd3 b6 15.a3 f5 16.f3 f4
17.Qc2 g5 18.h3 Nxd3 19.Bxd3 Nf7 20.b4 h5 21.c5 g4 22.fxg4 hxg4 23.hxg4 Bxg4
24.cxb6 cxb6 25.bxa5 bxa5 26.Bb5 Qb6+ 27.Kh1 Rec8 28.Bc6 Rab8 29.Na4 Qd4
30.Bc3 Qc4 31.Nb2 Qb3 32.Qxb3 Rxb3 33.Na4 Ng5 34.Bxa5 Nxe4 35.Kg1 Ng3 36.Rfb1 Rcb8
37.Rxb3 Rxb3 38.Bc7 e4 39.Re1 Bd4+ 40.Kh2 Be5 41.Kg1 Ne2+ 42.Kf1 f3 43.Bb5 fxg2+
44.Kxg2 Rg3+ 45.Kh1 Bf3+  0-1

[Event "Chinese Zonal w 2013"]
[Site "Zhongshan CHN"]
[Date "2013.11.07"]
[Round "10.3"]
[White "Shen Yang"]
[Black "Zhang Xiaowen"]
[Result "1-0"]
[WhiteElo "2415"]
[BlackElo "2377"]

1.d4 Nf6 2.c4 g6 3.Nc3 Bg7 4.e4 d6 5.Be2 O-O 6.Nf3 e5 7.O-O Na6 8.Re1 Qe8
9.Bf1 Bg4 10.d5 Nb4 11.Be2 a5 12.a3 Na6 13.Be3 Bd7 14.Nd2 Kh8 15.Rb1 Nc5
16.b4 axb4 17.axb4 Na4 18.Nxa4 Bxa4 19.Qc1 c6 20.b5 c5 21.Ra1 Nd7 22.Ra3 Nb6
23.Nb1 f5 24.f3 fxe4 25.fxe4 Qe7 26.Nc3 Qh4 27.Qd2 h5 28.Rea1 Ra7 29.Nxa4 Rfa8
30.Bg5 Qxe4 31.Nc3 Rxa3 32.Rxa3 Qf5 33.Rxa8+ Nxa8 34.Bd3 e4 35.Nxe4 Nb6 36.Nxd6 Bd4+
37.Kh1 Qd7 38.Qf4  1-0

[Event "Leuven Open 2013"]
[Site "Leuven BEL"]
[Date "2013.11.09"]
[Round "3.10"]
[White "Theys,Bart"]
[Black "Goormachtigh,J"]
[Result "1/2-1/2"]
[WhiteElo "1853"]
[BlackElo "2177"]

1.d4 Nf6 2.c4 g6 3.Nc3 Bg7 4.e4 d6 5.Nf3 O-O 6.Be2 Na6 7.O-O e5 8.Re1 c6
9.h3 exd4 10.Nxd4 Re8 11.Bf3 Nd7 12.Be3 Qe7 13.Qd2 Nac5 14.Rad1 Qf8 15.Nc2 Bxc3
16.bxc3 Ne5 17.Qxd6 Qxd6 18.Rxd6 Ncd3 19.Rd1 Nxf3+ 20.gxf3 Ne5 21.Kg2 Nxc4
22.R6d4 Be6 23.Rb1 c5 24.Rdd1 b6 25.Bg5 Kg7 26.h4 f6 27.Bf4 Red8 28.Kf1 Ne5
29.Bxe5 fxe5 30.Ne3 Bxa2 31.Rxd8 Rxd8 32.Ra1 Rd2 33.Ke1 Rb2 34.Nd1 Rc2 35.Ne3 Rb2
36.Nd1  1/2-1/2

[Event "FSFMA November 2013"]
[Site "Budapest HUN"]
[Date "2013.11.10"]
[Round "7.3"]
[White "Juhasz,Bel"]
[Black "Nagy,Ar"]
[Result "1/2-1/2"]
[WhiteElo "2140"]
[BlackElo "2142"]

1.d4 Nf6 2.c4 g6 3.Nc3 Bg7 4.e4 d6 5.Nf3 O-O 6.Be2 e5 7.O-O Na6 8.Be3 Ng4
9.Bg5 f6 10.Bh4 g5 11.Bg3 Nh6 12.dxe5  1/2-1/2

[Event "TCh-SVK Ext 2013-14"]
[Site "Trencin SVK"]
[Date "2013.11.10"]
[Round "2.7"]
[White "Najgebauer,S"]
[Black "Kubala,J"]
[Result "1/2-1/2"]
[WhiteElo "2205"]
[BlackElo "2214"]

1.d4 Nf6 2.Nf3 g6 3.c4 Bg7 4.Nc3 O-O 5.e4 d6 6.Be2 Nbd7 7.O-O e5 8.Be3 c6
9.d5 Qc7 10.Nd2 Ne8 11.dxc6 bxc6 12.b4 f5 13.f3 Ndf6 14.b5 Be6 15.bxc6 Qxc6
16.Nd5 Kh8 17.Rb1 Nc7 18.Qb3 fxe4 19.fxe4 Bg4 20.Bxg4 Nxg4 21.Rxf8+ Bxf8
22.Nf1 Nxe3 23.Nfxe3 Nxd5 24.Nxd5 Rc8 25.Qb5 Qxc4 26.Qxc4 Rxc4 27.Rb7 Rc8
28.Rxa7 h5 29.a4 Bh6 30.Rd7 Ra8 31.Rxd6 Rxa4 32.Rxg6 Kh7 33.Re6 Bg7 34.Kf2 Rxe4
35.Nf6+ Bxf6  1/2-1/2

[Event "Leuven Open 2013"]
[Site "Leuven BEL"]
[Date "2013.11.11"]
[Round "6.7"]
[White "Goormachtigh,J"]
[Black "Sterck,Arno"]
[Result "1-0"]
[WhiteElo "2177"]
[BlackElo "1852"]

1.d4 Nf6 2.c4 g6 3.Nc3 Bg7 4.e4 d6 5.Be2 O-O 6.Nf3 e5 7.Be3 c6 8.O-O exd4
9.Nxd4 Re8 10.f3 d5 11.cxd5 Nxd5 12.Nxd5 cxd5 13.Qb3 a5 14.Bb5 Bd7 15.Rad1 Nc6
16.Bxc6 bxc6 17.exd5 Rb8 18.Qd3 c5 19.Nc6 Bxc6 20.dxc6 Qxd3 21.Rxd3 c4 22.c7 Rbc8
23.Rd8 Rexd8 24.cxd8=Q+ Rxd8 25.Rc1 Rd3 26.Kf2 Bd4 27.Bxd4 Rxd4 28.Ke3 Rd3+
29.Ke2 Rd4 30.Rd1 Rh4 31.h3 Rh5 32.Kd2 Rg5 33.g4 Rd5+ 34.Kc2 Re5 35.Kc3 Re3+
36.Kxc4 Rxf3 37.Kb5 Rf2 38.Rb1 f5 39.Kxa5 f4 40.a4 f3 41.b4 Re2 42.Rb3 f2
43.Rf3 h5 44.b5 hxg4 45.hxg4 Kg7 46.g5  1-0

[Event "Chennai WGM 2013"]
[Site "Chennai IND"]
[Date "2013.11.12"]
[Round "9.6"]
[White "Ivakhinova,I"]
[Black "Drljevic,L"]
[Result "1-0"]
[WhiteElo "2315"]
[BlackElo "2181"]

1.d4 Nf6 2.c4 d6 3.Nf3 g6 4.Nc3 Bg7 5.e4 O-O 6.Be2 Na6 7.O-O e5 8.Be3 Ng4
9.Bg5 Qe8 10.dxe5 dxe5 11.h3 h6 12.Bc1 Nf6 13.Be3 c6 14.c5 Qe7 15.Bxa6 bxa6
16.Qa4 Bb7 17.Nd2 Ne8 18.Nc4 f5 19.f3 Rf7 20.Na5 f4 21.Bf2 Rc8 22.Rad1 g5
23.Rd3 Bf6 24.Rfd1 Qc7 25.R1d2 Rb8 26.b4 h5 27.a3 g4 28.fxg4 hxg4 29.hxg4 Bg5
30.Rd1 Qc8 31.Qb3 Kg7 32.Rh3 Re7 33.Qc4 Rc7 34.Qe2 Qe6 35.Bh4 Bxh4 36.Rxh4 Qe7
37.g5 Qf7 38.g6 Qg8 39.Rh7+  1-0

[Event "IX Chervonograd Cup A 2013"]
[Site "Chervonograd UKR"]
[Date "2013.11.12"]
[Round "2.6"]
[White "Petrova,I"]
[Black "Terletsky,O"]
[Result "1-0"]
[WhiteElo "2119"]
[BlackElo "2276"]

1.d4 Nf6 2.c4 g6 3.Nc3 Bg7 4.e4 d6 5.Nf3 O-O 6.Be2 e5 7.d5 a5 8.Bg5 Na6 9.O-O h6
10.Bh4 Qe8 11.Nd2 Nh7 12.f3 h5 13.Rb1 Bd7 14.b3 Bh6 15.Bf2 Qe7 16.Qc2 Qg5
17.Rfd1 h4 18.Kh1 f5 19.a3 Nf6 20.b4 axb4 21.axb4 Nh5 22.c5 Ng3+ 23.Bxg3 hxg3
24.c6 bxc6 25.dxc6 Be6 26.Bc4 Bxc4 27.Nxc4 gxh2 28.Nd5 Qh4 29.b5 Nc5 30.Nxc7 fxe4
31.Nxa8 exf3 32.Nxd6 Qg3 33.c7  1-0

[Event "IX Chervonograd Cup A 2013"]
[Site "Chervonograd UKR"]
[Date "2013.11.13"]
[Round "5.2"]
[White "Kigel,D"]
[Black "Petrova,I"]
[Result "1-0"]
[WhiteElo "2310"]
[BlackElo "2119"]

1.Nf3 g6 2.d4 Nf6 3.c4 Bg7 4.Nc3 O-O 5.e4 d6 6.Be2 e5 7.Be3 Ng4 8.Bg5 f6
9.Bc1 Kh8 10.O-O Nc6 11.d5 Ne7 12.Ng5 Nxh2 13.Kxh2 fxg5 14.Bxg5 h6 15.Be3 g5
16.Rh1 Ng6 17.Kg1 Bd7 18.Rc1 Qf6 19.Bg4 Be8 20.Ne2 Nf4 21.Ng3 Kg8 22.Rc3 Bg6
23.Bf5 b6 24.Bxg6 Nxg6 25.Nf5 Ne7 26.Nxe7+ Qxe7 27.Qg4 a5 28.b3 Rae8 29.Rc2 Qf7
30.a3 Qg6 31.f3 Rf7 32.Kf2 Bf8 33.Rcc1 Rh7 34.b4 axb4 35.axb4 Ra8 36.Ra1 Qe8
37.Qf5 Rxa1 38.Rxa1 Rf7 39.Qg6+ Bg7 40.Ke2 Qd7 41.Kd3 Qc8 42.Kc3 Rf6 43.Qh5 Rf8
44.Kb3 Qb7 45.Qh1 Qc8 46.Ra7 Rf7 47.Qa1 Bf8 48.Qa4 Qd8 49.Ra8 Qf6 50.Qe8 g4
51.Ka4 gxf3 52.gxf3 Qg7 53.Qe6 Kh7 54.Bxh6 Qg8 55.Bxf8 Rxf8 56.Qe7+ Rf7 57.Qh4+  1-0

[Event "Chinese Teams 2013"]
[Site "Shijiazhuang CHN"]
[Date "2013.11.14"]
[Round "18.6"]
[White "Shen Yang"]
[Black "Huang Qian"]
[Result "1/2-1/2"]
[WhiteElo "2421"]
[BlackElo "2485"]

1.d4 Nf6 2.c4 g6 3.Nc3 Bg7 4.e4 d6 5.Be2 O-O 6.Nf3 e5 7.O-O c6 8.d5 Na6 9.Be3 Ng4
10.Bg5 f6 11.Bh4 Nh6 12.Nd2 Nf7 13.Rb1 c5 14.a3 h5 15.f3 Bh6 16.Bf2 f5 17.b4 b6
18.Qc2 Bd7 19.Nb5 Qf6 20.Kh1 Rfc8 21.Qd3 f4 22.Qb3 g5 23.Qa4 Nc7 24.bxc5 dxc5
25.Qd1 Nxb5 26.cxb5 Nd6 27.a4 Kf7 28.Qe1 Bf8 29.Rb3 Be7 30.Bg1 Rg8  1/2-1/2

[Event "10th European Teams w"]
[Site "Warsaw POL"]
[Date "2013.11.14"]
[Round "6.13"]
[White "Exler,V"]
[Black "Orehek,S"]
[Result "1-0"]
[WhiteElo "2147"]
[BlackElo "2026"]

1.d4 d6 2.Nf3 g6 3.c4 Bg7 4.Nc3 Nd7 5.e4 Ngf6 6.Be2 O-O 7.O-O e5 8.Be3 Qe7
9.d5 Nh5 10.Ne1 Nf4 11.Nd3 Nxd3 12.Qxd3 f5 13.f3 f4 14.Bf2 Nf6 15.Rac1 g5
16.c5 Ne8 17.Nb5 a6 18.Qa3 h5 19.Na7 Bd7 20.c6 bxc6 21.Nxc6 Qf6 22.h3 Rf7
23.Qb3 Bf8 24.Qb7 Rc8 25.Nb8 Rxb8 26.Qxb8 g4 27.fxg4 hxg4 28.Bxg4 Bxg4 29.hxg4 Qe7
30.Rc3 Rg7 31.Qc8 Rg6 32.Rh3 Nf6 33.Bh4 Qf7 34.Bxf6 Rxf6 35.Rc3 c5 36.dxc6 Qa7+
37.Rf2 Rh6 38.Qb7 Qd4 39.Qb3+ Kg7 40.Qc2 f3 41.Rxf3  1-0

[Event "IX Chervonograd Cup A 2013"]
[Site "Chervonograd UKR"]
[Date "2013.11.15"]
[Round "8.3"]
[White "Petrova,I"]
[Black "Berlin,D"]
[Result "1-0"]
[WhiteElo "2119"]
[BlackElo "2113"]

1.d4 Nf6 2.c4 g6 3.Nc3 Bg7 4.e4 d6 5.Nf3 O-O 6.Be2 e5 7.d5 a5 8.Bg5 h6 9.Bh4 Na6
10.O-O Qe8 11.Nd2 Nh7 12.f3 f5 13.a3 Bd7 14.b3 h5 15.Rb1 g5 16.Bf2 f4 17.b4 Qg6
18.c5 axb4 19.axb4 g4 20.c6 bxc6 21.dxc6 g3 22.cxd7 gxf2+ 23.Rxf2 Ng5 24.Kh1 Ne6
25.Bc4 Kh7 26.Nd5 Qf7 27.b5 Nac5 28.Nxc7 Qxd7 29.Nxa8 Rxa8 30.Nb3 Nxb3 31.Bxb3 Nd4
32.Bd5 Rb8 33.b6 h4 34.h3 Bf6 35.b7 Bd8 36.Ra2 Bc7 37.Ra8 Kh6 38.Rxb8 Bxb8
39.Rc1 Qb5 40.Qe1 Ne2 41.Qxh4+ Kg6 42.Qg4+ Kh6 43.Qe6+ Kh5 44.Qf5+ Kh6 45.Qf6+ Kh7
46.Bg8+  1-0

[Event "IX Chervonograd Cup A 2013"]
[Site "Chervonograd UKR"]
[Date "2013.11.17"]
[Round "12.5"]
[White "Kigel,D"]
[Black "Berlin,D"]
[Result "1/2-1/2"]
[WhiteElo "2310"]
[BlackElo "2113"]

1.d4 Nf6 2.c4 g6 3.Nc3 Bg7 4.e4 d6 5.Nf3 O-O 6.Be2 e5 7.Be3 Na6 8.O-O Ng4
9.Bg5 Qe8 10.h3 exd4 11.Nd5 f6 12.Bc1 Nh6 13.Nxd4 Nf7 14.Re1 c6 15.Nc3 Qe7
16.Bf1 Re8 17.Be3 Qc7 18.Qc2 Bd7 19.Rad1 Rad8 20.a3 Nc5 21.b4 Ne6 22.Nb3 g5
23.Ne2 Bf8 24.Ng3 Ng7 25.f4 d5 26.Qf2 Bd6 27.Bxa7 gxf4 28.Nf5 Bxf5 29.exf5 Ra8
30.Rxe8+ Rxe8 31.Bb6 Qb8 32.Nc5 Bxc5 33.Bxc5 Nxf5 34.cxd5 Ne3 35.Rc1 Nxd5
36.b5 Ng5 37.Bd4 Qd6 38.bxc6 bxc6 39.a4 Kf7 40.Qc2 Ne3 41.Qb3+ Kg7 42.Bb2 f3
43.Qb7+ Re7 44.Qxc6 Qf4 45.Bxf6+ Qxf6 46.Qxf6+ Kxf6 47.h4 fxg2  1/2-1/2

[Event "23rd World Seniors 2013"]
[Site "Opatija CRO"]
[Date "2013.11.18"]
[Round "6.49"]
[White "Yakimenko,Alex"]
[Black "Batakovs,O"]
[Result "1-0"]
[WhiteElo "2212"]
[BlackElo "2075"]

1.d4 Nf6 2.c4 g6 3.Nf3 Bg7 4.Nc3 O-O 5.e4 d6 6.Be2 e5 7.O-O exd4 8.Nxd4 Re8
9.f3 Nc6 10.Nxc6 bxc6 11.Bg5 Be6 12.Qd2 Rb8 13.Rae1 Qc8 14.b3 Nd7 15.Kh1 Nc5
16.Bh6 Bh8 17.f4 Bg4 18.Bf3 Bxf3 19.Rxf3 f5 20.Rfe3 Nxe4 21.Nxe4 Rxe4 22.Rxe4 fxe4
23.Rxe4 Qf5 24.Qe2 Bg7 25.Bxg7 Kxg7 26.Re7+ Kh6 27.g3 Rf8 28.Rxc7 Rf6 29.Re7 g5
30.fxg5+ Qxg5 31.Kg2 d5 32.h4 Qg6 33.g4 Rf7 34.Re6  1-0

[Event "76th ch-CRC 2013"]
[Site "San Jose CRC"]
[Date "2013.11.20"]
[Round "7.4"]
[White "Alfaro Rojas,A"]
[Black "Minero Pineda,S"]
[Result "1/2-1/2"]
[WhiteElo "2270"]
[BlackElo "2412"]

1.d4 Nf6 2.c4 g6 3.Nc3 Bg7 4.e4 d6 5.Nf3 O-O 6.Be2 Na6 7.O-O e5 8.Re1 Bg4
9.Be3 Bxf3 10.Bxf3 exd4 11.Bxd4 Nb4 12.c5 Nc6 13.Be3 dxc5 14.e5 Nxe5 15.Bxb7 Rb8
16.Bxc5 Qxd1 17.Raxd1 Rfe8 18.Ba6 Rxb2 19.Bb5 c6 20.Ba4 Nfd7 21.Ba3 Rbb8
22.Ne4 Nc4 23.Rxd7 Nxa3 24.Bb3 Re5 25.Rxa7 Nb5 26.Rxf7 Kh8 27.f3 Nd6 28.Rd1 Nxe4
29.fxe4 Rxe4 30.Rdd7 Rf8 31.Rxf8+  1/2-1/2